Bogatstva Sibiri - narodu !
Salvato in:
| Natura: | Libro |
|---|---|
| Lingua: | russo |
| Pubblicazione: |
Moskva :
Plakat,
1981
|
| Soggetti: | |
| Tags: |
Nessun Tag, puoi essere il primo ad aggiungerne!!
|
MARC
| LEADER | 00000nam a22000003a 4500 | ||
|---|---|---|---|
| 001 | stu34832 | ||
| 005 | 20141122053426.3 | ||
| 008 | 920326s1981----xxr-----------------rus-d | ||
| 040 | |a STU |b slo | ||
| 041 | 0 | |a rus | |
| 044 | |a xxr | ||
| 080 | |a 908(47) |7 stu_us_auth*stu2979 | ||
| 245 | |a Bogatstva Sibiri - narodu ! | ||
| 260 | |a Moskva : |b Plakat, |c 1981 | ||
| 300 | |a Nestr | ||
| 650 | 7 | |a Sibír |2 stusub | |
| 996 | |b MB 73 |c M*B-73 |l MMKN |s A |a 24 |w stu34832_0001 | ||
| 996 | |b MB 74 |c M*B-74 |l MMKN |s A |a 24 |w stu34832_0002 | ||